01450nam a22002897a 45000010005000000030006000050050017000110080041000280200018000690400029000870500014001160820010001301000021001402450040001612600048002013000055002494900030003045050008003345200550003425210020008925210020009126500025009327000049009579420015010069990015010219520124010365087FISKH20241105142110.0241105b cb ||||| |||| 00| 0 eng d a9780194237765 aFISKHbengcFISKHdFISKH aPE1126.A4 a428.6 aNewbolt, Barnaby aWorld Wonders /cby Barnaby Newbolt aOxford :bOxford University Press ;c2011 . a56 pages :bcolor illustrations , maps ;c22 cm .  axford Bookworms vStage 2 aZ  aWhat are the most beautiful, the most interesting, the most wonderful things in the world? The Great Pyramid, the Great Wall of China, the Panama Canal - everyone has their favourites. And there are natural wonders too - Mount Everest, Niagara Falls, and the Northern Lights, for example. Hereis one person's choice of eleven wonders. Some of them are made by people, and others are natural. Everyone knows the Grand Canyon and the Great Barrier Reef - but what about the Iguazu Falls, or the old city of Petra? Come and discover new wonders ...8 a990 bLexile 8 aZ bRaz-Plus  awondersvnon-fiction aLindop, Christine eFactfiles Series Editor  2ddccBKn0 c5087d5087 00102ddc40708NFICa001b001cSNSd2024-11-05l0oNEW 428.6 PE1126.A4pFIS04226r2024-11-05 14:20:24w2024-11-05yBK